[Event "Col Ch "]
[Site "Ibague "]
[Date "2013.07.01"]
[Round "1.64"]
[White "Trujillo, Luis Angel"]
[Black "Martinez, Mauricio"]
[Result "0-1"]
[WhiteElo "1682"]
[BlackElo "2010"]
[PlyCount "108"]
[EventDate "2013.07.01"]
[EventType "swiss"]
[EventRounds "11"]
[EventCountry "COL"]
[SourceDate "2005.09.12"]

1. e4 c6 2. d4 d5 3. Nc3 dxe4 4. Nxe4 Nf6 5. Nxf6+ exf6 6. Nf3 Bg4 7. Be2 Bd6
8. Be3 O-O 9. O-O Qc7 10. h3 Bh5 11. c4 Re8 12. Rc1 Bf4 13. Qd2 Bxe3 14. fxe3
Qe7 15. Rc3 Nd7 16. Nh4 Bxe2 17. Qxe2 g6 18. Nf3 f5 19. Qf2 Nf6 20. Nd2 h5 21.
Qg3 Kh7 22. Qg5 Ne4 23. Nxe4 fxe4 24. Qf6 Qxf6 25. Rxf6 Kg7 26. Rd6 Rad8 27.
Rxd8 Rxd8 28. Ra3 a6 29. Rb3 Rd7 30. h4 Kf6 31. Rc3 Kf5 32. g3 f6 33. Rc1 c5
34. Rf1+ Ke6 35. d5+ Ke5 36. a4 b5 37. axb5 axb5 38. b3 bxc4 39. bxc4 Rb7 40.
Rd1 Kd6 41. Rf1 f5 42. Ra1 Rb4 43. Rc1 Rb2 44. Kf1 Rh2 45. Rc3 Rh1+ 46. Kg2 Rd1
47. Kf2 Ke5 48. Ke2 Rh1 49. Rc2 Rh3 50. Rd2 Kd6 51. Rc2 Rxg3 52. Kf2 f4 53.
exf4 Rf3+ 54. Ke2 Rxf4 0-1

[Event "Col Ch "]
[Site "Ibague "]
[Date "2013.07.01"]
[Round "1.66"]
[White "Rosero, Hugo Alberto"]
[Black "Garces, Javier"]
[Result "1-0"]
[WhiteElo "1664"]
[BlackElo "2001"]
[PlyCount "57"]
[EventDate "2013.07.01"]
[EventType "swiss"]
[EventRounds "11"]
[EventCountry "COL"]
[SourceDate "2005.09.12"]

1. e4 c5 2. Nf3 d6 3. d4 cxd4 4. Nxd4 Nf6 5. Nc3 g6 6. Be3 Bg7 7. f3 Nc6 8. Qd2
O-O 9. O-O-O d5 10. exd5 Nxd5 11. Nxd5 Qxd5 12. Nxc6 Qxc6 13. Bh6 Be6 14. Bxg7
Kxg7 15. Kb1 Rfd8 16. Bd3 Rac8 17. Qe2 Qc7 18. g4 Rd4 19. h4 h6 20. h5 g5 21.
Rhe1 Rcd8 22. Rc1 R8d5 23. Qe3 Qa5 24. a3 b5 25. Be4 Rd6 26. c3 Rd2 27. Bc2 b4
28. Qe4 bxa3 29. Qh7+ 1-0

[Event "Col Ch "]
[Site "Ibague "]
[Date "2013.07.01"]
[Round "1.67"]
[White "Tirado, Juan Camilo"]
[Black "Pena Mora, Carlos"]
[Result "1-0"]
[WhiteElo "2001"]
[BlackElo "1658"]
[PlyCount "39"]
[EventDate "2013.07.01"]
[EventType "swiss"]
[EventRounds "11"]
[EventCountry "COL"]
[SourceDate "2005.09.12"]

1. e4 e5 2. Nf3 f5 3. d4 fxe4 4. Nxe5 Nf6 5. Nc3 d5 6. Bg5 Bb4 7. Be2 O-O 8.
O-O c6 9. f3 exf3 10. Rxf3 Be7 11. Qd2 Nbd7 12. Raf1 Qc7 13. Nd3 Ne4 14. Nxe4
dxe4 15. Rxf8+ Nxf8 16. Nc5 Bxc5 17. dxc5 Be6 18. Bf4 Rd8 19. Qb4 Qf7 20. Bg5
1-0

[Event "Col Ch "]
[Site "Ibague "]
[Date "2013.07.01"]
[Round "1.69"]
[White "Rodriguez, German Andres"]
[Black "Blandon, Luis Guillermo"]
[Result "0-1"]
[WhiteElo "1615"]
[BlackElo "1993"]
[PlyCount "30"]
[EventDate "2013.07.01"]
[EventType "swiss"]
[EventRounds "11"]
[EventCountry "COL"]
[SourceDate "2005.09.12"]

1. e4 c5 2. Nf3 d6 3. d4 cxd4 4. Nxd4 Nf6 5. Nc3 g6 6. Be3 Bg7 7. f3 O-O 8. Qd2
Nc6 9. O-O-O d5 10. g4 Nxd4 11. Bxd4 dxe4 12. Qf2 Qa5 13. Bc4 exf3 14. g5 Qxg5+
15. Be3 Ng4 0-1

[Event "Col Ch "]
[Site "Ibague "]
[Date "2013.07.01"]
[Round "1.72"]
[White "Valderrama Castano, Julian Cam"]
[Black "Sandoval Guerrero, Juan David"]
[Result "1-0"]
[WhiteElo "1978"]
[BlackElo "1501"]
[PlyCount "75"]
[EventDate "2013.07.01"]
[EventType "swiss"]
[EventRounds "11"]
[EventCountry "COL"]
[SourceDate "2005.09.12"]

1. d4 d5 2. Nc3 Nf6 3. f3 Nc6 4. e4 dxe4 5. d5 Nb8 6. fxe4 e5 7. Nf3 Bg4 8. Qd3
a6 9. Nxe5 Nbd7 10. Nxg4 Nxg4 11. Qg3 Nge5 12. Bf4 Qf6 13. Be2 h5 14. Rf1 Qe7
15. O-O-O f6 16. d6 Qd8 17. dxc7 Qxc7 18. Nd5 Qc6 19. Kb1 Rc8 20. Bd3 b5 21.
Qh3 Bd6 22. Qe6+ Kf8 23. Bxe5 Bxe5 24. Qe7+ Kg8 25. Rf5 a5 26. Rdf1 Rh6 27.
Qxe5 Nxe5 28. Ne7+ Kf7 29. Nxc6 Nxc6 30. Rxb5 Rg6 31. g3 Rh6 32. e5 Ke6 33.
Bc4+ Kd7 34. Rb7+ Rc7 35. Be6+ Kd8 36. Rd1+ Ke7 37. Rxc7+ Kxe6 38. Rxc6+ 1-0

[Event "Col Ch "]
[Site "Ibague "]
[Date "2013.07.02"]
[Round "2.1"]
[White "Lopez Hernandez, Carlos Manuel"]
[Black "Barrientos, Sergio E"]
[Result "0-1"]
[WhiteElo "2320"]
[BlackElo "2476"]
[PlyCount "94"]
[EventDate "2013.07.01"]
[EventType "swiss"]
[EventRounds "11"]
[EventCountry "COL"]
[SourceDate "2005.09.12"]

1. d4 Nf6 2. Nf3 e6 3. c4 b6 4. g3 Bb7 5. Bg2 Be7 6. O-O O-O 7. Nc3 Ne4 8. Bd2
f5 9. d5 Bf6 10. Rc1 Na6 11. Be1 c6 12. Nd4 cxd5 13. cxd5 exd5 14. Ndb5 Kh8 15.
Rb1 Bc6 16. a4 Nc7 17. Nxc7 Nxc3 18. Bxc3 Qxc7 19. Bb4 Rfe8 20. Bxd5 Qb7 21.
Bxc6 dxc6 22. Qd3 Re4 23. Bc3 Rd8 24. Qc2 Bxc3 25. bxc3 Qa6 26. Rfd1 Rxd1+ 27.
Rxd1 h6 28. Rd8+ Kh7 29. Rf8 Qxa4 30. Qd3 Qc4 31. Rxf5 Qxd3 32. exd3 Re1+ 33.
Kg2 a5 34. Rf7 Rd1 35. Rc7 c5 36. Rb7 Rb1 37. d4 cxd4 38. cxd4 a4 39. d5 Kg6
40. Kf3 Kf5 41. d6 Rb3+ 42. Ke2 Ke6 43. d7 Ke7 44. Ra7 b5 45. Kd2 a3 46. Kc1 b4
47. f4 Rb2 0-1

[Event "Col Ch "]
[Site "Ibague "]
[Date "2013.07.02"]
[Round "2.2"]
[White "Arenas, David"]
[Black "Tovio, Israel"]
[Result "1-0"]
[WhiteElo "2437"]
[BlackElo "2291"]
[PlyCount "77"]
[EventDate "2013.07.01"]
[EventType "swiss"]
[EventRounds "11"]
[EventCountry "COL"]
[SourceDate "2005.09.12"]

1. e4 c5 2. Nf3 d6 3. d4 cxd4 4. Nxd4 Nf6 5. Nc3 Nc6 6. Bg5 e6 7. Qd2 h6 8. Be3
a6 9. O-O-O Ng4 10. Nxc6 bxc6 11. Bc5 Bb7 12. h3 dxc5 13. Qxd8+ Rxd8 14. Rxd8+
Kxd8 15. hxg4 Bd6 16. g3 Kc7 17. g5 h5 18. Be2 g6 19. f4 e5 20. f5 Bc8 21. Bc4
gxf5 22. Bxf7 f4 23. g6 Bf8 24. gxf4 exf4 25. e5 Bg7 26. e6 Kd6 27. Ne4+ Ke7
28. Nxc5 h4 29. Rh3 Rh5 30. Nd3 f3 31. Kd1 c5 32. Nf4 f2 33. Ke2 Rf5 34. Rxh4
f1=Q+ 35. Kxf1 Be5 36. Ke2 Bxb2 37. Nd3 Bf6 38. Rc4 Bxe6 39. Re4 1-0

[Event "Col Ch "]
[Site "Ibague "]
[Date "2013.07.02"]
[Round "2.3"]
[White "Uribe Arteaga, Daniel"]
[Black "Gallego Alcaraz, Andres Felipe"]
[Result "0-1"]
[WhiteElo "2274"]
[BlackElo "2414"]
[PlyCount "124"]
[EventDate "2013.07.01"]
[EventType "swiss"]
[EventRounds "11"]
[EventCountry "COL"]
[SourceDate "2005.09.12"]

1. d4 Nf6 2. c4 g6 3. Nc3 d5 4. f3 Bg7 5. e4 dxe4 6. fxe4 e5 7. d5 O-O 8. Nf3
Na6 9. Bd3 Nc5 10. Bc2 a5 11. O-O Qd6 12. Kh1 Bd7 13. Be3 Rfe8 14. Qe1 b6 15.
Qh4 h5 16. h3 Nh7 17. Rf2 Bf6 18. Qg3 Qe7 19. Re2 Nb7 20. Rf1 Nd6 21. Bd3 Kg7
22. c5 bxc5 23. Bxc5 h4 24. Qf2 Rh8 25. Nb5 Be8 26. Nh2 Bg5 27. Ng4 Bf4 28. Qe1
Bg3 29. Qc1 Bd7 30. Nh2 Bxb5 31. Bxb5 Nf6 32. Rf3 Qd8 33. Bd3 Nh5 34. Nf1 Bf4
35. Qc3 f6 36. Rc2 g5 37. Bf2 Rc8 38. Qxa5 g4 39. hxg4 Ng3+ 40. Kg1 Ndxe4 41.
Ba6 Ra8 42. Qxc7+ Qxc7 43. Rxc7+ Kh6 44. Bxg3 hxg3 45. Bd3 Ng5 46. Bb1 Nxf3+
47. gxf3 Rab8 48. b3 Rbc8 49. Rc6 Kg5 50. Kg2 Kh4 51. Bf5 Ra8 52. a4 Rab8 53.
Bc2 e4 54. fxe4 Rhc8 55. e5 fxe5 56. Bf5 Rd8 57. Rc7 Rxb3 58. Rh7+ Kg5 59. Rg7+
Kf6 60. Rg6+ Kf7 61. Be4 Rb2+ 62. Kg1 g2 0-1

[Event "Col Ch "]
[Site "Ibague "]
[Date "2013.07.02"]
[Round "2.4"]
[White "Pardo, Alejandro"]
[Black "Martinez Romero, Martin"]
[Result "0-1"]
[WhiteElo "2232"]
[BlackElo "2402"]
[PlyCount "138"]
[EventDate "2013.07.01"]
[EventType "swiss"]
[EventRounds "11"]
[EventCountry "COL"]
[SourceDate "2005.09.12"]

1. d4 Nf6 2. Nf3 e6 3. e3 c5 4. Bd3 b6 5. O-O Bb7 6. Nbd2 Be7 7. b3 O-O 8. Bb2
d6 9. Re1 Nc6 10. a3 Qc7 11. Rc1 a5 12. a4 cxd4 13. exd4 Nb4 14. Bf1 Na2 15.
Ra1 Nc3 16. Bxc3 Qxc3 17. Re3 Qc7 18. c4 Rfe8 19. Rc1 Bf8 20. Bd3 g6 21. Ng5
Bg7 22. Nde4 Bxe4 23. Bxe4 Rac8 24. Bf3 e5 25. dxe5 dxe5 26. Qe2 h6 27. Ne4 Nd5
28. cxd5 Qxc1+ 29. Qe1 Red8 30. Nd2 Qxe1+ 31. Rxe1 Rc3 32. Kf1 Kf8 33. d6 Rxd6
34. Ne4 Rxf3 35. gxf3 Rd3 36. Re3 Rxe3 37. fxe3 Ke7 38. Ke2 Ke6 39. Kd3 Bf8 40.
Nd2 Bc5 41. Nc4 h5 42. Nb2 f5 43. e4 g5 44. h3 Kf6 45. Ke2 g4 46. hxg4 fxg4 47.
fxg4 hxg4 48. Nd3 Bd4 49. Kf1 Kg5 50. Kg2 Kh4 51. b4 g3 52. bxa5 bxa5 53. Nc1
Kg4 54. Nb3 Bb6 55. Nd2 Kf4 56. Kf1 Bd4 57. Kg2 Bc3 58. Nc4 Be1 59. Kf1 Bb4 60.
Kg2 Bc3 61. Nd6 Be1 62. Nc4 Kxe4 63. Kf1 Bc3 64. Ke2 Bd4 65. Kf1 Kf3 66. Nd2+
Kf4 67. Nc4 e4 68. Nxa5 Kf3 69. Nb3 g2+ 0-1

[Event "Col Ch "]
[Site "Ibague "]
[Date "2013.07.02"]
[Round "2.6"]
[White "Saladen, Rafael"]
[Black "Mosquera, Miguel"]
[Result "0-1"]
[WhiteElo "2207"]
[BlackElo "2391"]
[PlyCount "124"]
[EventDate "2013.07.01"]
[EventType "swiss"]
[EventRounds "11"]
[EventCountry "COL"]
[SourceDate "2005.09.12"]

1. e4 e6 2. d4 d5 3. Nd2 Nf6 4. e5 Nfd7 5. Bd3 c5 6. c3 Nc6 7. Ne2 Qb6 8. Nf3
cxd4 9. cxd4 f6 10. exf6 Nxf6 11. O-O Bd6 12. Nc3 O-O 13. Re1 Bd7 14. a3 Rae8
15. Bg5 h6 16. Bh4 Re7 17. Bg3 Bxg3 18. hxg3 Be8 19. Na4 Qd8 20. Nc5 Qd6 21.
Rc1 b6 22. Na6 e5 23. dxe5 Nxe5 24. Nxe5 Rxe5 25. Qd2 Rxe1+ 26. Rxe1 Ng4 27.
Qb4 Qf6 28. f3 Ne5 29. Be2 Bc6 30. Qb3 Kh8 31. Nb4 Ba8 32. Nd3 Nc4 33. Qc3 Qxc3
34. bxc3 Re8 35. Kf2 Nxa3 36. Nf4 g5 37. Ng6+ Kg7 38. Ra1 Kxg6 39. Rxa3 Re7 40.
f4 Kf6 41. Bf3 Rc7 42. c4 Rxc4 43. Rxa7 Bc6 44. Rh7 Kg6 45. Rc7 Rc5 46. Be2
gxf4 47. gxf4 Kf5 48. Rf7+ Ke4 49. Bf3+ Kd3 50. Rc7 Kd4 51. Re7 Ba4 52. Re5 Bc2
53. Re6 b5 54. Rxh6 b4 55. Rb6 Kc3 56. g4 b3 57. f5 b2 58. f6 b1=Q 59. Rxb1
Bxb1 60. f7 Rc8 61. Bxd5 Kd4 62. Bc6 Rf8 0-1

[Event "Col Ch "]
[Site "Ibague "]
[Date "2013.07.02"]
[Round "2.7"]
[White "Munoz, Julian Andres"]
[Black "Panesso Rivera, Henry"]
[Result "1/2-1/2"]
[WhiteElo "2207"]
[BlackElo "2341"]
[PlyCount "158"]
[EventDate "2013.07.01"]
[EventType "swiss"]
[EventRounds "11"]
[EventCountry "COL"]
[SourceDate "2005.09.12"]

1. e4 c5 2. Nf3 d6 3. d4 cxd4 4. Nxd4 Nf6 5. Nc3 a6 6. Bc4 e6 7. O-O Be7 8. Bb3
b5 9. Qf3 Qc7 10. a4 b4 11. Na2 O-O 12. c3 Bb7 13. Re1 bxc3 14. Nxc3 Nc6 15.
Nxc6 Bxc6 16. a5 Rfb8 17. Bc2 Rb4 18. Qd3 h6 19. Qg3 Kf8 20. Qd3 Nd7 21. Nd5
exd5 22. exd5 Bb7 23. Qh7 Ke8 24. Qg8+ Nf8 25. Ba4+ Rxa4 26. Rxa4 Bxd5 27. Qxg7
Be6 28. Bxh6 Rb8 29. Rae4 Qxa5 30. h4 Qf5 31. Qd4 Qh5 32. Bf4 Rb7 33. Rc1 Qd5
34. Bxd6 Qxd6 35. Qh8 Qd2 36. Rce1 Rxb2 37. R4e2 Qxe2 38. Rxe2 Rxe2 39. Qd4 Nd7
40. Qh8+ Nf8 41. Qd4 Ra2 42. h5 Ra5 43. h6 Rb5 44. Qa4 Bd6 45. f4 Ke7 46. Qxa6
Rb1+ 47. Kf2 Rb2+ 48. Ke3 Rb3+ 49. Ke2 Bg4+ 50. Kd2 Bxf4+ 51. Kc2 Re3 52. Qa7+
Nd7 53. Qa5 Re2+ 54. Kb1 Kf6 55. Qd8+ Ke5 56. h7 Bf5+ 57. Ka1 Re1+ 58. Ka2 Re2+
59. Ka1 Kd6 60. h8=Q Be5+ 61. Qxe5+ Rxe5 62. Qg8 Bg6 63. Qa8 Rb5 64. g4 Nc5 65.
Qd8+ Kc6 66. Qe8+ Kb6 67. Qd8+ Ka7 68. Qe7+ Ka6 69. g5 Ka5 70. Qd8+ Kb4 71.
Qd4+ Ka5 72. Qd8+ Ka6 73. Qd6+ Ka7 74. Qe7+ Nb7 75. Ka2 Kb6 76. Qf6+ Kc5 77.
Qc3+ Kd5 78. Qd2+ Kc4 79. Qf4+ Kc3 1/2-1/2

[Event "Col Ch "]
[Site "Ibague "]
[Date "2013.07.02"]
[Round "2.8"]
[White "Herrera, Juan Sebastian"]
[Black "Mendoza, Rafael"]
[Result "1/2-1/2"]
[WhiteElo "2205"]
[BlackElo "2334"]
[PlyCount "81"]
[EventDate "2013.07.01"]
[EventType "swiss"]
[EventRounds "11"]
[EventCountry "COL"]
[SourceDate "2005.09.12"]

1. e4 e5 2. Nf3 Nc6 3. Bc4 Nf6 4. d3 Be7 5. c3 O-O 6. Bb3 d6 7. Nbd2 Na5 8. Bc2
c5 9. Qe2 a6 10. Nf1 Nc6 11. h3 d5 12. g4 d4 13. Ng3 dxc3 14. bxc3 c4 15. dxc4
Be6 16. O-O Qa5 17. Bd2 Qc5 18. Bb3 Na5 19. Be3 Qc7 20. Nd2 g6 21. f4 Bc5 22.
fxe5 Qxe5 23. Kg2 Bxe3 24. Qxe3 Nd7 25. Nf3 Qg7 26. Rad1 Rac8 27. e5 Kh8 28.
Ne2 Nc5 29. Nd2 Rfd8 30. Nd4 Nc6 31. N2f3 Re8 32. Rde1 Bd7 33. Kg1 Nxe5 34.
Nxe5 f6 35. Ndf3 fxe5 36. Nxe5 Be6 37. g5 b6 38. Ng4 Bd7 39. Qd4 Bxg4 40. hxg4
Kg8 41. Qd5+ 1/2-1/2

[Event "Col Ch "]
[Site "Ibague "]
[Date "2013.07.02"]
[Round "2.9"]
[White "Torres, Juan Camilo"]
[Black "Ramirez, Benjamin Dario"]
[Result "1-0"]
[WhiteElo "2341"]
[BlackElo "2214"]
[PlyCount "87"]
[EventDate "2013.07.01"]
[EventType "swiss"]
[EventRounds "11"]
[EventCountry "COL"]
[SourceDate "2005.09.12"]

1. d4 Nf6 2. c4 g6 3. Nf3 Bg7 4. Nc3 d5 5. Bf4 c6 6. e3 O-O 7. Be2 dxc4 8. Bxc4
Nd5 9. Be5 Nxc3 10. bxc3 Nd7 11. Bxg7 Kxg7 12. O-O Nb6 13. Bb3 Bf5 14. Qe2 Bg4
15. h3 Bxf3 16. Qxf3 Qc7 17. e4 Rad8 18. Qe3 f6 19. f4 c5 20. f5 c4 21. Bc2 g5
22. h4 h6 23. Qf3 Qc6 24. Rab1 Rg8 25. Qh5 Kh7 26. a4 Rg7 27. a5 Nc8 28. Rf2
Nd6 29. Re1 Rdg8 30. e5 Ne8 31. Be4 Qc7 32. Re3 Qxa5 33. Bxb7 Qa3 34. Rg3 g4
35. Bd5 Rf8 36. Rxg4 Qc1+ 37. Kh2 Rxg4 38. Qxg4 Kh8 39. Rf3 fxe5 40. dxe5 Qd2
41. Bxc4 Ng7 42. Qg6 a5 43. Rg3 Nxf5 44. Bg8 1-0

[Event "Col Ch "]
[Site "Ibague "]
[Date "2013.07.02"]
[Round "2.10"]
[White "Hernandez Sanchez, Jairo Andre"]
[Black "Sanchez, Sebastian Felipe"]
[Result "1-0"]
[WhiteElo "2320"]
[BlackElo "2328"]
[PlyCount "119"]
[EventDate "2013.07.01"]
[EventType "swiss"]
[EventRounds "11"]
[EventCountry "COL"]
[SourceDate "2005.09.12"]

1. c4 Nf6 2. g3 e6 3. Bg2 d5 4. Nf3 Be7 5. b3 d4 6. d3 O-O 7. O-O Nc6 8. Na3 e5
9. Nc2 a5 10. a3 h6 11. Rb1 e4 12. Nfe1 Bf5 13. b4 axb4 14. axb4 Ne5 15. f3
exd3 16. exd3 Bh7 17. Rb3 c5 18. f4 Ned7 19. bxc5 Nxc5 20. Rb5 Ra5 21. Rxa5
Qxa5 22. Bd2 Qa4 23. f5 Rd8 24. Qb1 Qd7 25. Bh3 h5 26. Qd1 b5 27. cxb5 Qxb5 28.
Bg5 Rd5 29. Na3 Qe8 30. Nc4 Na4 31. Ng2 Nc3 32. Qe1 Rd8 33. Nf4 Ncd5 34. Qe2
Nxf4 35. Rxf4 Qf8 36. Bxf6 Bxf6 37. Qxh5 Re8 38. Bg2 Re1+ 39. Kf2 Re8 40. Be4
Qc5 41. g4 Qc7 42. Kf3 Be5 43. Nxe5 Rxe5 44. Qh4 f6 45. g5 fxg5 46. Qxg5 Qd7
47. h4 Rb5 48. h5 Rb6 49. Qg2 Qf7 50. Kg4 Rb5 51. Qc2 Kh8 52. Qc4 Qxc4 53. dxc4
Rb3 54. Bd5 d3 55. Rd4 Bg8 56. Be6 Kh7 57. Kf4 Rc3 58. Ke5 d2 59. Rxd2 Re3+ 60.
Kd6 1-0

[Event "Col Ch "]
[Site "Ibague "]
[Date "2013.07.02"]
[Round "2.11"]
[White "Ruiz C, Joshua D"]
[Black "Nunez V, Daniel"]
[Result "1-0"]
[WhiteElo "2409"]
[BlackElo "2225"]
[PlyCount "67"]
[EventDate "2013.07.01"]
[EventType "swiss"]
[EventRounds "11"]
[EventCountry "COL"]
[SourceDate "2005.09.12"]

1. e4 c5 2. Nf3 d6 3. d4 cxd4 4. Nxd4 Nf6 5. Nc3 a6 6. Bg5 e6 7. f4 Be7 8. Qf3
Qc7 9. O-O-O Nbd7 10. Bd3 Nb6 11. f5 e5 12. Nb3 Bd7 13. g4 O-O-O 14. Be3 h6 15.
h4 Bc6 16. g5 Nfd7 17. Nd5 Bxd5 18. exd5 Kb8 19. f6 gxf6 20. gxh6 Nc4 21. Kb1
Nxe3 22. Qxe3 f5 23. Bxf5 Nb6 24. h7 e4 25. Qd4 e3 26. Rd3 Nc4 27. Rc3 b5 28.
Qg7 Qb7 29. Qd4 e2 30. Rxc4 Bf6 31. Qxf6 Qxd5 32. Re4 Qd1+ 33. Rxd1 exd1=Q+ 34.
Nc1 1-0

[Event "Col Ch "]
[Site "Ibague "]
[Date "2013.07.02"]
[Round "2.12"]
[White "Rios Parra, Alejandro"]
[Black "Navia, Edwin Adrian"]
[Result "1-0"]
[WhiteElo "2344"]
[BlackElo "2094"]
[PlyCount "69"]
[EventDate "2013.07.01"]
[EventType "swiss"]
[EventRounds "11"]
[EventCountry "COL"]
[SourceDate "2005.09.12"]

1. e4 c5 2. Nf3 d6 3. d4 cxd4 4. Nxd4 Nf6 5. Nc3 a6 6. f4 e5 7. Nf3 Nbd7 8. Bd3
Be7 9. O-O Nc5 10. Kh1 Bg4 11. Qe1 exf4 12. Bxf4 O-O 13. Rd1 Qb6 14. b3 Ne6 15.
Bc1 Rfe8 16. Bb2 Bh5 17. Bc4 Qc7 18. a4 Bf8 19. Qh4 Bg6 20. Rde1 Rab8 21. Re2
Qc5 22. e5 Nd7 23. exd6 Qxd6 24. Rd1 Qc7 25. Nd5 Qc6 26. a5 Rbd8 27. Rde1 b5
28. axb6 Nxb6 29. Ne5 Qb7 30. Nxb6 Qxb6 31. Nxg6 hxg6 32. Bxe6 Rxe6 33. Rxe6
fxe6 34. Qc4 Qe3 35. Bc3 1-0

[Event "Col Ch "]
[Site "Ibague "]
[Date "2013.07.02"]
[Round "2.13"]
[White "Chavarro, Hugo"]
[Black "Dominguez, Oscar"]
[Result "1/2-1/2"]
[WhiteElo "2296"]
[BlackElo "2092"]
[PlyCount "82"]
[EventDate "2013.07.01"]
[EventType "swiss"]
[EventRounds "11"]
[EventCountry "COL"]
[SourceDate "2005.09.12"]

1. c4 Nf6 2. d4 g6 3. Nc3 Bg7 4. Nf3 d6 5. g3 O-O 6. Bg2 c5 7. O-O Nc6 8. dxc5
dxc5 9. Be3 Ng4 10. Qxd8 Rxd8 11. Bxc5 Be6 12. h3 Nge5 13. Nxe5 Bxe5 14. Nd5
Bxb2 15. Rab1 Bd4 16. Bxd4 Nxd4 17. e3 Ne2+ 18. Kh2 Bxd5 19. Bxd5 Nc3 20. Bxb7
Nxb1 21. Bxa8 Na3 22. Bg2 Nxc4 23. Rc1 Nb6 24. Rc7 Rd7 25. Rc2 Kg7 26. Kg1 Rd1+
27. Bf1 Nd5 28. Kg2 Kf6 29. Rc6+ e6 30. e4 Nb4 31. Rc7 Nxa2 32. Rxa7 Nc3 33.
e5+ Kxe5 34. Rxf7 h5 35. h4 Rd2 36. Ba6 Ne4 37. Bb7 Nd6 38. Rd7 Kf6 39. Kf3 Ne4
40. Rxd2 Nxd2+ 41. Ke2 Nc4 1/2-1/2

[Event "Col Ch "]
[Site "Ibague "]
[Date "2013.07.02"]
[Round "2.14"]
[White "Mateus, Alejandro"]
[Black "Soto, Christian Camilo"]
[Result "1-0"]
[WhiteElo "2289"]
[BlackElo "2079"]
[PlyCount "85"]
[EventDate "2013.07.01"]
[EventType "swiss"]
[EventRounds "11"]
[EventCountry "COL"]
[SourceDate "2005.09.12"]

1. e4 d5 2. exd5 Nf6 3. Bb5+ Bd7 4. Be2 Nxd5 5. d4 Bf5 6. a3 e6 7. c4 Nf6 8. h3
c5 9. Nf3 Nc6 10. Be3 cxd4 11. Nxd4 Nxd4 12. Bxd4 Be7 13. O-O O-O 14. Nc3 Ne4
15. b4 Bf6 16. Bxf6 Qxf6 17. Nxe4 Bxe4 18. Qb3 Rfd8 19. Rad1 a6 20. Qg3 Qg6 21.
Qxg6 hxg6 22. Rxd8+ Rxd8 23. Rd1 Rxd1+ 24. Bxd1 Kf8 25. f4 Ke7 26. c5 Kd7 27.
Kf2 Kc6 28. g3 Kb5 29. Ke3 Bg2 30. Kd4 f6 31. h4 a5 32. bxa5 Kxa5 33. Bc2 Bc6
34. Bxg6 Bd7 35. Be4 b6 36. c6 Bc8 37. Bg6 b5 38. Kc5 e5 39. fxe5 fxe5 40. Kd6
Kb6 41. Be4 Bg4 42. c7 Ka5 43. Kxe5 1-0

[Event "Col Ch "]
[Site "Ibague "]
[Date "2013.07.02"]
[Round "2.15"]
[White "Gonzalez Parejo, Ramon Junior"]
[Black "Agudelo, Antonio"]
[Result "0-1"]
[WhiteElo "2094"]
[BlackElo "2275"]
[PlyCount "106"]
[EventDate "2013.07.01"]
[EventType "swiss"]
[EventRounds "11"]
[EventCountry "COL"]
[SourceDate "2005.09.12"]

1. e4 e6 2. d4 d5 3. Nd2 Nf6 4. Bd3 c5 5. e5 Nfd7 6. c3 Nc6 7. Ne2 cxd4 8. cxd4
f6 9. f4 fxe5 10. fxe5 Nxd4 11. O-O Nc6 12. Nf4 Ndxe5 13. Qh5+ Kd7 14. Bxh7 Kc7
15. Nf3 Nxf3+ 16. Rxf3 Bd7 17. Be3 Bd6 18. Qg6 d4 19. Bf2 Qe8 20. Qxg7 Be5 21.
Qh6 Qe7 22. Rh3 Rxh7 23. Qxh7 Qxh7 24. Nxe6+ Kd6 25. Rxh7 Kxe6 26. Re1 Kd6 27.
Rxe5 Nxe5 28. Bxd4 Nc6 29. Bc3 Re8 30. Kf2 b5 31. a3 a6 32. h3 Re7 33. Rh5 Rf7+
34. Ke3 Ne7 35. Be5+ Kd5 36. g4 Kc4 37. Rh6 Bc6 38. h4 Bb7 39. h5 Nd5+ 40. Kd2
Rf2+ 41. Ke1 Rg2 42. Rh7 Bc8 43. Rg7 Kd3 44. Rg8 Bxg4 45. h6 Ne3 46. Rd8+ Ke4
47. Rd2 Rg1+ 48. Kf2 Rf1+ 49. Kg3 Rf3+ 50. Kh4 Rh3+ 51. Kg5 Kxe5 52. Rd3 Rh5+
53. Kg6 Bf5+ 0-1

[Event "Col Ch "]
[Site "Ibague "]
[Date "2013.07.02"]
[Round "2.16"]
[White "Garavito, Miguel Angel"]
[Black "Uribe Sanchez, Alejandro"]
[Result "1-0"]
[WhiteElo "2263"]
[BlackElo "2058"]
[PlyCount "63"]
[EventDate "2013.07.01"]
[EventType "swiss"]
[EventRounds "11"]
[EventCountry "COL"]
[SourceDate "2005.09.12"]

1. d4 Nf6 2. Nf3 e6 3. g3 d5 4. Bg2 Be7 5. c4 O-O 6. Qc2 a6 7. cxd5 exd5 8. O-O
c6 9. Nc3 Nbd7 10. Nh4 Re8 11. Nf5 Bf8 12. h3 Nb6 13. g4 Bxf5 14. Qxf5 Nc4 15.
Qd3 Nd6 16. f3 Nb5 17. Nxb5 axb5 18. e4 Qb6 19. Be3 h6 20. e5 Nd7 21. f4 Rad8
22. g5 Nb8 23. gxh6 gxh6 24. Kh1 c5 25. Rg1 Kh8 26. Bf3 c4 27. Qf5 Qe6 28. Qh5
f5 29. Rg6 Qd7 30. Rag1 Qh7 31. Qxf5 Nc6 32. Qf6+ 1-0

[Event "Col Ch "]
[Site "Ibague "]
[Date "2013.07.02"]
[Round "2.17"]
[White "Zapata Cuartas, Juan Carlos"]
[Black "Nunez V, Gustavo Eduardo"]
[Result "1/2-1/2"]
[WhiteElo "2089"]
[BlackElo "2245"]
[PlyCount "76"]
[EventDate "2013.07.01"]
[EventType "swiss"]
[EventRounds "11"]
[EventCountry "COL"]
[SourceDate "2005.09.12"]

1. d4 g6 2. c4 Bg7 3. e4 d6 4. Nc3 Nd7 5. Nf3 e5 6. Be2 Ngf6 7. O-O O-O 8. dxe5
dxe5 9. Qc2 c6 10. Rd1 Qe7 11. h3 Nh5 12. Bg5 Bf6 13. Be3 Nf4 14. Bf1 Nc5 15.
b4 Nce6 16. g3 Nh5 17. c5 Ng5 18. Nxg5 Bxg5 19. Qd2 Bxe3 20. Qxe3 Be6 21. Rd6
a5 22. b5 cxb5 23. Bxb5 Rfc8 24. Rad1 Nf6 25. Na4 Rc7 26. Nb6 Rf8 27. Kg2 Bxa2
28. Ra1 Be6 29. Rxa5 Nxe4 30. Qxe4 Rxc5 31. Rxe6 fxe6 32. Nd7 Rxb5 33. Rxb5
Qxd7 34. Qxe5 Qc6+ 35. Kg1 Qc1+ 36. Kg2 Qc6+ 37. Kg1 Rd8 38. Rb1 b5 1/2-1/2

[Event "Col Ch "]
[Site "Ibague "]
[Date "2013.07.02"]
[Round "2.18"]
[White "Beltran, Carlos Armando"]
[Black "Torres, Jaime Alberto"]
[Result "1-0"]
[WhiteElo "2237"]
[BlackElo "2052"]
[PlyCount "87"]
[EventDate "2013.07.01"]
[EventType "swiss"]
[EventRounds "11"]
[EventCountry "COL"]
[SourceDate "2005.09.12"]

1. Nf3 d5 2. b3 c5 3. e3 Nf6 4. Bb2 Nc6 5. Bb5 Bd7 6. O-O Qc7 7. c4 a6 8. Bxc6
bxc6 9. d3 e6 10. Re1 Be7 11. Nbd2 Ng4 12. h3 Bf6 13. Qc2 Bxb2 14. Qxb2 Nf6 15.
Rac1 Qa5 16. Qc3 Qxc3 17. Rxc3 Rc8 18. Rec1 Ke7 19. cxd5 Nxd5 20. Rxc5 Nb4 21.
R5c4 Nxd3 22. R1c3 Nb2 23. Rc5 Rhd8 24. Kf1 Be8 25. Ke2 f6 26. Nd4 e5 27. Nxc6+
Rxc6 28. Rxc6 Bxc6 29. Rxc6 Nd3 30. Rxa6 Nxf2 31. b4 Nd3 32. b5 Nc5 33. Rc6 Na4
34. Rc7+ Kd6 35. Rc4 Ra8 36. Ne4+ Ke7 37. Rc7+ Ke6 38. g4 Rb8 39. Ra7 Nb6 40.
a4 Kd5 41. Kf3 Rf8 42. a5 Nc4 43. Rd7+ Nd6 44. Rxd6+ 1-0

[Event "Col Ch "]
[Site "Ibague "]
[Date "2013.07.02"]
[Round "2.19"]
[White "Ruge, Edison"]
[Black "Dominguez Rincon, Miller"]
[Result "1-0"]
[WhiteElo "2231"]
[BlackElo "2035"]
[PlyCount "57"]
[EventDate "2013.07.01"]
[EventType "swiss"]
[EventRounds "11"]
[EventCountry "COL"]
[SourceDate "2005.09.12"]

1. e4 e5 2. Nf3 Nc6 3. Bb5 a6 4. Ba4 Nf6 5. Qe2 b5 6. Bb3 Be7 7. O-O O-O 8. c3
d6 9. h3 Na5 10. Bc2 c5 11. Rd1 c4 12. d4 cxd3 13. Bxd3 h6 14. Nbd2 Bb7 15. a4
Qb6 16. axb5 axb5 17. Nf1 Nb3 18. Rxa8 Rxa8 19. Be3 Qc7 20. Ng3 Bc6 21. Nh2 Qb7
22. Ng4 Nc5 23. Bxc5 Nxg4 24. Bb4 Nf6 25. Nf5 Bf8 26. Bxd6 Nxe4 27. Bxf8 Kxf8
28. Bxe4 Bxe4 29. Nd6 1-0